| 000 | 02727nam a2200301Ia 4500 | ||
|---|---|---|---|
| 999 |
_c50670 _d50670 |
||
| 001 | 17621 | ||
| 003 | GE_BSU | ||
| 005 | 20200220124847.0 | ||
| 008 | 181216s2011 xx |||||||||||||| ||geo|| | ||
| 020 | _a 9781847102324 | ||
| 040 | _cGE_BSU | ||
| 041 | _ageo | ||
| 080 | _a657.1 მ-30 | ||
| 245 |
_aმმართველობითი აღრიცხვა = Management Accounting: სრული ტექსტი: წიგნი F 2 / _cმთარგმნელი: ბაბი ალავერდაშვილი ; რედ: ია გიაშვილი ; ნინო ბოლოკაძე ; მანანა გველესიანი. |
||
| 250 | _aმე-2 გადამუშავებული გამოცემა | ||
| 264 |
_aთბილისი : _bშპს "დანი _c2011. |
||
| 300 |
_a448 გვ.: _bცხრ; _c29 სმ. |
||
| 440 |
_aACCA ინგლისისა და უელსის ნაფიც სერთიფიცირებულ ბუღალტერთა ასოციაცია _97240 |
||
| 653 | _aბუღალტერია | ||
| 653 | _aმმართველობით აღრიცხვა. | ||
| 653 | _aმმართველობითი აღრიცხვის არსი და დანიშნულება -- დანახარჯების ტიპები და ქცევა -- ბიზნესის მათემატიკა -- მარგის შეკვეთა და აღრიცხვა -- შეკვეთის მოცულობა და მორიგი შეკვეთის დონეები -- შრომითი დანახარჯების აღრიცხვა -- ზედნადები ხარჯების აღრიცხვა -- კალკულაცია ზღვრული დანახარჯებით | ||
| 653 | _aწიგნი გათვალისწინებულია ბუღალტერთა და აუდიტორთა პროფესიული სერთიფიცირებისათვის და აუდიტთა პროფესიული სერტიფიცირებისათვის. | ||
| 700 |
_aალავერდაშვილი, ბაბი _eმთარგმნელი _97241 |
||
| 700 |
_aგიაშვილი, ია _eრედაქტორი _97242 |
||
| 700 |
_a ბოლოკაძე, ნინო _eრედაქტორი _97243 |
||
| 700 |
_aგველესიანი, მანანა _eრედაქტორი _97244 |
||
| 942 |
_cBK _2udc |
||